000
00335nam a22001457a 4500
008
210311b ||||| |||| 00| 0 eng d
020
_a
0030078113
041
_a
eng
080
_a
510
082
_a
510
100
_a
36
101
_a
MAT
245
_a
Nonparametric Methods for Quantitative Analysis
_c
Gibbons,D,J
942
_2
udc
_c
BK
999
_c
56416
_d
56416